Học tập tư tưởng văn nghệ Vơlađimia Ilitsơ Lênin

Phân tích những quan điểm, tư tưởng của Lênin đối với văn học; Sự phát triển của Lênin đối với tư tưởng văn nghệ Mác ừnghen; Sự vận dụng của Đảng ta đối với tư tưởng văn nghệ của Lênin

Đã lưu trong:
Sonraí Bibleagrafaíochta
Príomhúdar: Phương Lựu
Formáid: Leabhar
Teanga:Vietnamese
Foilsithe: H. Văn học 1979
Ábhair:
Clibeanna: Cuir Clib Leis
Gan Chlibeanna, Bí ar an gcéad duine leis an taifead seo a chlibeáil!
Thư viện lưu trữ: Mạng thư viện Đại học Đà Nẵng
LEADER 01304nam a2200337 4500
001 000004093
003 223
005 20121211001248.0
008 110714s1979 viesd
020 |c 9000 
041 0 |a vie 
082 |a 891.7  |b PH-L 
100 1 |a Phương Lựu 
245 1 0 |a Học tập tư tưởng văn nghệ Vơlađimia Ilitsơ Lênin  |c Phương Lựu 
260 |a H.  |b Văn học  |c 1979 
300 |a 377 tr.  |c 19 cm. 
520 |a Phân tích những quan điểm, tư tưởng của Lênin đối với văn học; Sự phát triển của Lênin đối với tư tưởng văn nghệ Mác ừnghen; Sự vận dụng của Đảng ta đối với tư tưởng văn nghệ của Lênin 
653 |a Lênin, V.I. 
653 |a Nghiên cứu văn học 
653 |a Lý luận văn học 
910 |a Thi  |d 14/7/2011 
OWN |a LSP 
AVA |a UDN50  |b LSP  |d 891.7 PH-L  |e unavailable  |t Error 5002 Not defined in file expand_doc_bib_avail.  |f 3  |g 3  |h N  |i 0  |k 1 
999 |a From the UDN01 
AVA |a UDN50  |b LSP  |d 891.7 PH-L  |e unavailable  |t Error 5002 Not defined in file expand_doc_bib_avail.  |f 3  |g 3  |h N  |i 0  |k 1 
TYP |a Monograph 
TYP |a Printed language 
980 |a Mạng thư viện Đại học Đà Nẵng